Uthejakavushadhavum rubber thadiyum (Record no. 72792)

MARC details
000 -LEADER
fixed length control field 00372nam a2200157Ia 4500
100 ## - MAIN ENTRY--AUTHOR NAME
Personal name Meenakumari T
245 #0 - TITLE STATEMENT
Title Uthejakavushadhavum rubber thadiyum
260 ## - PUBLICATION, DISTRIBUTION, ETC. (IMPRINT)
Name of publisher Rubber
Year of publication 2007
300 ## - PHYSICAL DESCRIPTION
Number of Pages 19-21.
700 ## - ADDED ENTRY--PERSONAL NAME
Personal name Reghu C P
700 ## - ADDED ENTRY--PERSONAL NAME
Personal name Saraswathyamma C K
700 ## - ADDED ENTRY--PERSONAL NAME
Personal name Thomas J
700 ## - ADDED ENTRY--PERSONAL NAME
Personal name Thomas V
942 ## - ADDED ENTRY ELEMENTS (KOHA)
Koha item type Malayalam
Holdings
Withdrawn status Lost status Damaged status Not for loan Home library Current library Date acquired Serial Enumeration / chronology Koha item type
      Journals RRII Library RRII Library 29/12/2021 Volume 493, Issue April Malayalam